| 000 | 00939nam a2200277Ia 4500 | ||
|---|---|---|---|
| 003 | GCL | ||
| 008 | 140319s9999 xx 000 0 ara d | ||
| 040 |
_aGCL / _cGCL |
||
| 082 | 0 | 4 |
_a973.38 _bس ك |
| 100 | 1 | _aنظمى لوقا | |
| 245 | 1 | 0 |
_aكيف تحكم امريكا / _cنظمى لوقا |
| 700 | 1 | _aسيكدمور، ماكس | |
| 700 | 1 | _aوانك, مارشال كارتر | |
| 700 | 1 | _aمحمد على ناصف | |
| 260 |
_a[S.N] : _bالدار الدولية للنشر والتوزيع ، _c1988 |
||
| 300 | _a353 ص | ||
| 490 |
_aالسلسلة الشعرية الثانية _v0 |
||
| 650 | 0 | 4 | _aالاحوال السياسية |
| 650 | 0 | 4 | _aالانتخابات |
| 650 | 0 | 4 | _aالولايات المتحدة الامريكية |
| 650 | 0 | 4 | _aالديمقراطية |
| 650 | 0 | 4 | _aالاحزاب السياسية |
| 650 | 0 | 4 | _aالهيئات التشريعية |
| 650 | 0 | 4 | _aالكونجرس |
| 942 |
_2ddc _cBK |
||
| 999 |
_c55091 _d55091 |
||